Music Quiz

Random Music or Song Quiz

Songs on Led Zeppelin IV Quiz Stats

 Plays Quiz Updated Nov 2, 2021

     
Support Sporcle.
Go Orange.
Score 0/8 Timer 03:00
1 Play Today
Side % Correct
Side 1Stairway to Heaven
95.8%
Side 1Black Dog
89.8%
Side 1Rock and Roll
76.5%
Side 2When the Levee Breaks
71.3%
Side 2Going to California
68.9%
Side 2Misty Mountain Hop
64.8%
Side 1The Battle of Evermore
60.9%
Side 2Four Sticks
56%

From the Vault

Around the Perimeter of South Africa

by mg10

Geography 60s
You can draw it in chalk and yellow tape, if you want.
Remove Ads.
Support Sporcle.
Get the best of Sporcle when you Go Orange. This ad-free experience offers more features, more stats, and more fun while also helping to support Sporcle. Thank you for becoming a member.

Show Comments

Extras

Top Quizzes Today


Score Distribution

Your Account Isn't Verified!

In order to create a playlist on Sporcle, you need to verify the email address you used during registration. Go to your Sporcle Settings to finish the process.

Report this User

Report this user for behavior that violates our Community Guidelines.

Details: